Konstrukcje betonowe : (Rekord nr 6748)
| 000 -ETYKIETA REKORDU | |
|---|---|
| podpole kontrolne o stałej długości | 00877nam a2200229 i 4500 |
| 001 - NUMER KONTROLNY REKORDU | |
| pole kontrolne | bg |
| 040 ## - ŹRÓDŁO KATALOGOWANIA | |
| Instytucja, która utworzyła rekord | BPK |
| 041 0# - KOD JĘZYKA | |
| Kod języka tekstu | pl |
| 080 ## - UNIWERSALNA KLASYFIKACJA DZIESIĘTNA - UKD | |
| UKD | 624.01/.07:666.97/.98:539.3/.4:519.6](075.8) |
| 008 - POLE O STAŁEJ DŁUGOŚCI - DANE KONTROLNE | |
| podpole kontrolne o stałej długości | s pl f |000 0 pol |
| 100 1# - NAZWA OSOBOWA | |
| Nazwa osobowa | ABRAMEK, Wiktor |
| 245 00 - TYTUŁ/ODPOWIEDZIALNOŚĆ | |
| Tytuł | Konstrukcje betonowe : |
| Ciąg dalszy tytułu | przykłady obliczeń przekrojów żelbetowych metodą stanów granicznych. |
| Oznaczenie części/sekcji dzieła | Cz. 1, |
| Tytuł części/sekcji dzieła | Zginanie i ścinanie / |
| Pozostałe elementy strefy tytułu i oznaczenia odpowiedzialności | Wiktor Abramek. |
| 260 ## - STREFA ADRESU WYDAWNICZEGO | |
| Miejsce wydania | Opole : |
| Nazwa wydawcy/dystrybutora | WSI, |
| Data publikacji, dystrybucji/powstania dokumentu | 1994. |
| 300 ## - STREFA OPISU FIZYCZNEGO | |
| Objętość | 197 s. : |
| Inne cechy fizyczne | rys., 1 wykr. ; |
| Rozmiary | 24 cm. |
| 490 1# - STREFA SERII I DOKUMENTU WIELOCZĘŚCIOWEGO - FORMA NIE DO WYSZUKIWANIA | |
| Tytuł i oznaczenie odpowiedzialności serii | Skrypt Uczelniany / Wyższa Szkoła Inżynierska w Opolu, |
| ISSN | 0860-9004 ; |
| Numeracja w obrębie serii | nr 169 |
| 504 ## - UWAGA DOTYCZĄCA BIBLIOGRAFII | |
| Informacje o bibliografii | Bibliogr., normy s. 170. |
| 650 #9 - HASŁO PRZEDMIOTOWE W FORMIE NAZWY OGÓLNEJ LUB JEDNOSTKOWEJ | |
| Nazwa ogólna lub geograficzna | Konstrukcje żelbetowe |
| Określnik ogólny | projekty |
| 650 #9 - HASŁO PRZEDMIOTOWE W FORMIE NAZWY OGÓLNEJ LUB JEDNOSTKOWEJ | |
| Nazwa ogólna lub geograficzna | Wytrzymałość materiałów |
| 655 ## - TERMIN INDEKSOWY - OKREŚLENIE RODZAJU/FORMY DOKUMENTU | |
| Określenie rodzaju/formy dokumentu | Podręczniki akademickie |
| 830 #0 - HASŁO DODATKOWE SERII LUB DOKUMENTU WIELOCZĘŚCIOWEGO - TYTUŁ UJEDNOLICONY | |
| Tytuł ujednolicony | Skrypt Uczelniany (Wyższa Szkoła Inżynierska w Opolu) ; |
| Oznaczenie tomu | nr 169 |
| 856 ## - LOKALIZACJA I DOSTĘP DO ELEKTRONICZNYCH DOKUMENTÓW ZDALNYCH | |
| Link (URL) | http://koha.tu.koszalin.pl/cgi-bin/koha/opac-detail.pl?biblionumber=6748 |
| Tekst linku | Katalog online BPK |
| 942 ## - DODATKOWE ELEMENTY (KOHA) | |
| Typ dokumentu | Książka |
| Wycofany | Status egzemplarza | Uszkodzony | Dostępność | Lokalizacja stała | Lokalizacja bieżąca | Miejsce przechowywania | Sygnatura | Kod kreskowy | Typ dokumentu |
|---|---|---|---|---|---|---|---|---|---|
| Dostępny | Biblioteka Politechniki Koszalińskiej | Biblioteka Politechniki Koszalińskiej | Wypożyczalnia BG | P 48491 | 01231090 | Książka |
